000 00394nam a22001217a 4500
999 _c9368
_d9368
003 OSt
008 201203b ||||| |||| 00| 0 eng d
245 _aICI : Journal : Indian Concrete Institute
250 _a2018(Jan-Mar Vol.18 No.4, Apr-Jun Vol.19 No.1, Jul-Sep Vol.19 No.2, Oct-Dec Vol.19 No.3)
260 _aChennai
_bIndian Concrete Institute
650 _aCivil Engineering
942 _2ddc
_cBV